000 01051nam a2200277 4500
003 OSt
005 20260530113845.0
008 260508b1974 cn a|||| |||| 00| 0 eng d
040 _aICI
_bspa
_cICI
041 1 _aeng
_afre
050 1 4 _aHD9999.D452
_bA73 1974
100 1 _aArcher, L. Bruce,
_930663
245 1 0 _aDesign awareness and planned creativity in industry :
_bconnaissance du design et la créativité planifiée dans l'industrie /
_cL. Bruce Archer.
264 1 _bDepartment of Industry, Trade and Commerce and the Design Council of Great Britain,
_c1974.
_a[London] :
300 _a112 páginas
_c23cm.
336 _atexto
_2rdacontent
337 _asin medio
_2rdamedia
338 _avolumen
_2rdacarrier
650 0 _aDiseño industrial.
_915218
650 0 _aCreatividad en la industria.
_930664
650 0 _aInnovaciones tecnológicas.
_930665
650 0 _aDesarrollo de productos.
_930666
650 0 _aIndustria manufacturera
_xInnovaciones tecnológicas.
_930667
650 0 _aDiseño de productos.
_930668
942 _2lcc
_cBK
_n1
999 _c11271
_d11271